A Crash Course On Crises: Macroeconomic Concepts For Run-Ups Collapses And Recoveries (Record no. 43563)

MARC details
000 -LEADER
fixed length control field 02655cam a2200433 i 4500
001 - CONTROL NUMBER
control field 22924715
005 - DATE AND TIME OF LATEST TRANSACTION
control field 20250404153011.0
008 - FIXED-LENGTH DATA ELEMENTS--GENERAL INFORMATION
fixed length control field 230110t20232023njua b 001 0 eng c
010 ## - LIBRARY OF CONGRESS CONTROL NUMBER
LC control number 2023930533
016 7# - NATIONAL BIBLIOGRAPHIC AGENCY CONTROL NUMBER
Record control number 021025296
Source Uk
020 ## - INTERNATIONAL STANDARD BOOK NUMBER
International Standard Book Number 0691221103
020 ## - INTERNATIONAL STANDARD BOOK NUMBER
International Standard Book Number 9780691221106
020 ## - INTERNATIONAL STANDARD BOOK NUMBER
Canceled/invalid ISBN 9780691221113
035 ## - SYSTEM CONTROL NUMBER
System control number (OCoLC)on1338132854
041 ## - LANGUAGE CODE
Language code of text/sound track or separate title eng
042 ## - AUTHENTICATION CODE
Authentication code pcc
082 ## - DEWEY DECIMAL CLASSIFICATION NUMBER
Classification number 332 BRU
100 1# - MAIN ENTRY--PERSONAL NAME
Author Brunnermeier, Markus Konrad
245 12 - TITLE STATEMENT
Title A Crash Course On Crises: Macroeconomic Concepts For Run-Ups Collapses And Recoveries
Remainder of title
260 ## - PUBLICATION, DISTRIBUTION, ETC.
Place New Jersey
Publisher Princeton Univeinrity Pres
Publication Year 2023
300 ## - PHYSICAL DESCRIPTION
Extent 123 pages :
Other physical details illustrations (black and white) ;
Dimensions 25 cm
504 ## - BIBLIOGRAPHY, ETC. NOTE
Bibliography, etc. note Includes bibliographical references (pages 117-120) and index.
520 ## - SUMMARY, ETC.
Summary, etc. "With alarming frequency, modern economies go through macro-financial crashes that arise from the financial sector and spread to the broader economy, inflicting deep and prolonged recessions. A Crash Course on Crises brings together the latest cutting-edge economic research to identify the seeds of these crashes, reveal their triggers and consequences, and explain what policymakers can do about them. Each of the book's ten self-contained chapters introduces readers to a key economic force and provides case studies that illustrate how that force was dominant. Markus Brunnermeier and Ricardo Reis show how the run-up phase of a crisis often occurs in ways that are preventable but that may go unnoticed and discuss how debt contracts, banks, and a search for safety can act as triggers and amplifiers that drive the economy to crash. Brunnermeier and Reis then explain how monetary, fiscal, and exchange-rate policies can respond to crises and prevent them from becoming persistent. With case studies ranging from Chile in the 1970s to the COVID-19 pandemic, A Crash Course on Crises synthesizes a vast literature into ten simple, accessible ideas and illuminates these concepts using novel diagrams and a clear analytical framework."--Amazon.com
650 #0 - SUBJECT ADDED ENTRY--TOPICAL TERM
Subject Financial Crises; Macroeconomics
650 #6 - SUBJECT ADDED ENTRY--TOPICAL TERM
Subject Macroéconomie.
650 #7 - SUBJECT ADDED ENTRY--TOPICAL TERM
Subject Financial crises
650 #7 - SUBJECT ADDED ENTRY--TOPICAL TERM
Subject Macroeconomics
700 1# - ADDED ENTRY--PERSONAL NAME
Co-Author Reis, Ricardo,
942 ## - ADDED ENTRY ELEMENTS (KOHA)
Koha item type Books
264 #1 - PRODUCTION, PUBLICATION, DISTRIBUTION, MANUFACTURE, AND COPYRIGHT NOTICE
Place of production, publication, distribution, manufacture Princeton :
Name of producer, publisher, distributor, manufacturer Princeton University Press,
Date of production, publication, distribution, manufacture, or copyright notice [2023]
264 #4 - PRODUCTION, PUBLICATION, DISTRIBUTION, MANUFACTURE, AND COPYRIGHT NOTICE
Date of production, publication, distribution, manufacture, or copyright notice ©2023
336 ## - CONTENT TYPE
Content type term text
Content type code txt
Source rdacontent
336 ## - CONTENT TYPE
Content type term still image
Content type code sti
Source rdacontent
337 ## - MEDIA TYPE
Media type term unmediated
Media type code n
Source rdamedia
338 ## - CARRIER TYPE
Carrier type term volume
Carrier type code nc
Source rdacarrier
776 08 - ADDITIONAL PHYSICAL FORM ENTRY
Relationship information ebook version :
International Standard Book Number 9780691221113
906 ## - LOCAL DATA ELEMENT F, LDF (RLIN)
a 7
b cbc
c pccadap
d 2
e ncip
f 20
g y-gencatlg
Holdings
Withdrawn status Lost status Source of classification or shelving scheme Damaged status Not for loan Home library Current library Shelving location Accession Date Vendor Price Bill number Total Checkouts Full call number Barcode No Date due Date last seen Date last checked out Discount Bill Date Koha item type Suggested By
    Dewey Decimal Classification     IMTN IMTN Rack 9-A 03/27/2025 Raghav Books Private Limited 3139.50 2374 1 332 BRU 33837 11/19/2025 05/23/2025 05/23/2025 33 02/14/2025 Books Dr. Mantha Raghu (Head Librarian)
Designed & Maintained by: LRC IMT Nagpur Contact: lrc@imtnag.ac.in© 2024. All Rights Reserved.